• 首页
  • 本馆介绍
  • 公告通知
  • 最新文献
  • 馆藏检索
  • 电子资源
  • 读者导购
  • 参考咨询
  • 我的图书馆
  • 登录
  • 详细信息显示
  • 放入我的书架
  • 预约/预借图书
  • 作者相关作品
  • 分类相关作品
  • 丛书相关作品
  • 出版社相关作品

书目信息

  • 表格格式
  • 工作单格式
  • 卡片格式
题名:
现代汉语病句与标点详解
    
 
作者: 任金璧 编著
分册:  
出版信息: 北京   中国书籍出版社  2020
页数: 427页
开本: 24cm
丛书名: 编校实务指导丛书
单 册:
中图分类: H146.3 , H155
科图分类:
主题词: 汉语--han yu--病句--分析 , 汉语--han yu--标点符号--使用方法
电子资源:
ISBN: 978-7-5068-7840-1
000 00926oam2 2200277 450
001 2153126681
005 20211018173724.0
010    @a978-7-5068-7840-1@dCNY68.00
100    @a20210402d2020 em y0chiy0120 ea
101 0  @achi
102    @aCN@b110000
105    @ay z 000yy
106    @ar
200 1  @a现代汉语病句与标点详解@Axian dai han yu bing ju yu biao dian xiang jie@f任金璧编著
210    @a北京@c中国书籍出版社@d2020
215    @a427页@d24cm
225 2  @a编校实务指导丛书@Abian jiao shi wu zhi dao cong shu
330    @a本书内容包括:病句辨析修改导引、实用病句分类详解、历年高考病句详解、标点符号用法详解等。
461  0 @12001 @a编校实务指导丛书
606 0  @a汉语@Ahan yu@x病句@x分析
606 0  @a汉语@Ahan yu@x标点符号@x使用方法
690    @aH146.3@v5
690    @aH155@v5
701  0 @a任金璧@Aren jin bi@c(语文教师)@4编著
801  0 @aCN@b百万庄@c20211018
905    @b1310792-95@dH146.3@e410@f4
    
    现代汉语病句与标点详解/任金璧编著.-北京:中国书籍出版社,2020
    427页;24cm.-(编校实务指导丛书)
    
    
    ISBN 978-7-5068-7840-1:CNY68.00
    本书内容包括:病句辨析修改导引、实用病句分类详解、历年高考病句详解、标点符号用法详解等。
●
相关链接 在E读中查询图书 在五车中查询图书 在当当中查询图书 在豆瓣中查询图书


正题名:现代汉语病句与标点详解     索取号:H146.3/410         预约/预借

序号 登录号 条形码 馆藏地/架位号 状态 备注
1 1310792   213107920   第二样本阅览室/ [索取号:H146.3/410] 在馆    
2 1310793   213107939   第四借阅区/ [索取号:H146.3/410] 在馆    
3 1310794   213107948   第四借阅区/ [索取号:H146.3/410] 在馆    
4 1310795   213107957   第四借阅区/ [索取号:H146.3/410] 在馆    
唐山师范学院图书馆 欢迎您!
大连网信软件有限公司© 版权所有